000
00274nam a2200109Ia 4500
005
20251222152554.0
008
251222s9999||||xx |||||||||||||| ||spa||
082
_a
658.500.985/V19
100
_a
Valdés Palacio, Armando
245
0
_a
Administración Logística
942
_c
LIB
999
_c
26353
_d
26353